LIBRARY ONLINE CATALOGUE

Sex and Gender in the Legal Process (Record no. 18219)

MARC details
000 -LEADER
fixed length control field 00430nam a22001577a 4500
008 - FIXED-LENGTH DATA ELEMENTS--GENERAL INFORMATION
fixed length control field 200203b xxu||||| |||| 00| 0 eng d
020 ## - INTERNATIONAL STANDARD BOOK NUMBER
International Standard Book Number 1854315072
050 ## - LIBRARY OF CONGRESS CALL NUMBER
Classification number 7975
Item number .E39 1996 c.1
100 ## - MAIN ENTRY--PERSONAL NAME
Personal name Edwards, Susan S.M.
245 ## - TITLE STATEMENT
Title Sex and Gender in the Legal Process
Statement of responsibility, etc. Susan S.M. Edwards
260 ## - PUBLICATION, DISTRIBUTION, ETC. (IMPRINT)
Place of publication, distribution, etc. New York
Name of publisher, distributor, etc. Blackstone
Date of publication, distribution, etc. 1996
300 ## - PHYSICAL DESCRIPTION
Extent xxv, 461p.
650 ## - SUBJECT ADDED ENTRY--TOPICAL TERM
Topical term or geographic name as entry element sex crimes
650 ## - SUBJECT ADDED ENTRY--TOPICAL TERM
Topical term or geographic name as entry element Sex and Law
942 ## - ADDED ENTRY ELEMENTS (KOHA)
Source of classification or shelving scheme Library of Congress Classification
Koha item type General Collection
Holdings
Withdrawn status Lost status Source of classification or shelving scheme Not for loan Home library Current library Date acquired Cost, normal purchase price Total Checkouts Full call number Barcode Date last seen Date last checked out Price effective from Koha item type Total Renewals
    Library of Congress Classification   Kabarak, Main Campus Kabarak, Main Campus 03/02/2020 6350.00 1 K7975 .E39 1996 c.1 028262 09/10/2024 24/09/2024 03/02/2020 General Collection  
    Library of Congress Classification   Kabarak, Main Campus Kabarak, Main Campus 03/02/2020 6350.00 5 K7975 .E39 1996 c.2 028416 28/10/2024 24/09/2024 03/02/2020 General Collection 1
    Library of Congress Classification   Kabarak, Main Campus Kabarak, Main Campus 03/02/2020 6350.00 6 K7975 .E39 1996 c.3 028417 18/11/2024 31/10/2024 03/02/2020 General Collection